000 00342nam a2200145Ia 4500
008 150201s2010 xx 000 0 und d
082 _a611
_bA10K
100 _aKURANA , INDU
245 _aTB. OF ANATOMY & PHYSIOLOGY FOR NURSES
250 _a1ST
260 _bCBS
_aDELHI
_c2010
300 _a512
650 _aANATOMY
942 _2ddc
_cBK
_060
999 _c2060
_d2060